Business mathematics / (Record no. 16658)
[ view plain ]
| 000 -LEADER | |
|---|---|
| fixed length control field | 00689nam a2200241 a 4500 |
| 001 - CONTROL NUMBER | |
| control field | 16658 |
| 003 - CONTROL NUMBER IDENTIFIER | |
| rucl marc code | BD-RjUL |
| 005 - DATE AND TIME OF LATEST TRANSACTION | |
| control field | 20211209000033.0 |
| 008 - FIXED-LENGTH DATA ELEMENTS--GENERAL INFORMATION | |
| fixed length control field | 140215r1975 enk 000 0 eng d |
| 020 ## - INTERNATIONAL STANDARD BOOK NUMBER | |
| International Standard Book Number | 0712102825 |
| International Standard Book Number | 0712107959 (ISE) |
| 035 ## - SYSTEM CONTROL NUMBER | |
| System control number | (BD-RjUL)16713 |
| 040 ## - CATALOGING SOURCE | |
| Original cataloging agency | BD-RjUL |
| Language of cataloging | eng |
| Transcribing agency | BD-RjUL |
| Modifying agency | BD-RjUL |
| 041 ## - LANGUAGE CODE | |
| Language code of text/sound track or separate title | eng |
| 082 ## - DEWEY DECIMAL CLASSIFICATION NUMBER | |
| Classification number | 650 |
| Author mark and year | STB 1975 |
| 100 1# - MAIN ENTRY--PERSONAL NAME | |
| Personal name | Stafford, L. W. T. |
| Fuller form of name | (Leonard Walter Tolefree) |
| 9 (RLIN) | 51452 |
| 245 10 - TITLE STATEMENT | |
| Title | Business mathematics / |
| Statement of responsibility, etc. | L.W.T. Stafford |
| 260 ## - PUBLICATION, DISTRIBUTION, ETC. (IMPRINT) | |
| Place of publication, distribution, etc. | London : |
| Name of publisher, distributor, etc. | Macdonald & Evans, |
| Date of manufacture | 1975. |
| 300 ## - PHYSICAL DESCRIPTION | |
| Pagination | xiv, 384 p : |
| Size | 19 cm. |
| 650 #0 - SUBJECT ADDED ENTRY--TOPICAL TERM | |
| Topical term or geographic name as entry element | Business mathematics |
| 9 (RLIN) | 51453 |
| 830 #0 - SERIES ADDED ENTRY--UNIFORM TITLE | |
| Uniform title | M. & E. handbook series |
| 942 ## - ADDED ENTRY ELEMENTS (KOHA) | |
| Source of classification or shelving scheme | Dewey Decimal Classification |
| Koha item type | Books |
| Lost status | Source of classification or shelving scheme | Damaged status | Not for loan | Collection code | Permanent Location | Current Location | Shelving location | Date acquired | Source of acquisition | Cost, normal purchase price | Total Checkouts | Full call number | Date last seen | Date checked out | Copy number | Koha item type |
|---|---|---|---|---|---|---|---|---|---|---|---|---|---|---|---|---|
| Dewey Decimal Classification | Non-fiction | Central Library, University of Rajshahi | Central Library, University of Rajshahi | 12/09/1983 | Tulip Ent. | 22.82 | 2 | 650 STB 1975 | 29/04/2025 | 17/04/2025 | C-3 | Books | ||||
| Dewey Decimal Classification | Non-fiction | Central Library, University of Rajshahi | Central Library, University of Rajshahi | 12/09/1983 | Tulip Ent. | 22.82 | 650 STB 1976 | 04/06/2017 | C-2 | Books | ||||||
| Dewey Decimal Classification | Not For Loan | Non-fiction | Central Library, University of Rajshahi | Central Library, University of Rajshahi | Reading Room | 12/09/1983 | Tulip Enterprise, Dhaka | 22.82 | 650 STB 1975 | 13/12/2018 | C-1 | Books | ||||
| Dewey Decimal Classification | Non-fiction | Central Library, University of Rajshahi | Central Library, University of Rajshahi | 12/09/1985 | Tulip Enterprise, Dhaka | 22.82 | 650 STB 1975 | 13/12/2018 | C-4 | Books |